000 00288nam a2200121Ia 4500
008 190216s9999||||xx |||||||||||||| ||und||
100 _aSingh R N
245 0 _aManagement Thought And Thinkers
260 _bMannora Publications
_c1983
300 _a286p
650 _aCommerce
942 _cBK
999 _c4233
_d4233